[Event "SWE-ch"]
[Site "Haparanda"]
[Date "1994.??.??"]
[Round "9"]
[White "Jonsson, Mikael"]
[Black "Astrom, Robert"]
[Result "0-1"]
[WhiteElo "2320"]
[BlackElo "2335"]

1.e4 c5 2.Nf3 d6 3.d4 cxd4 4.Nxd4 Nf6 5.Nc3 a6 6.g3 Nc6 7.Bg2 Bd7 8.Nb3 e6
9.g4 h6 10.h4 h5 11.gxh5 Nxh5 12.Bg5 Nf6 13.Qe2 Be7 14.O-O-O Qc7 15.f4 O-O-O
16.Rd2 Nh5 17.Nd5 exd5 18.exd5 Ng3 19.Qe3 Nf5 20.Qe4 Ng3 21.Qe3 Nxh1 22.dxc6 Bxc6
23.Bxe7 Rde8 24.Qa7 Rxe7 25.Bh3+ Rd7 26.Nd4 b5 27.Qxa6+ Bb7 28.Qxb5 Rxh4
29.Qf5 g6 30.Qxd7+ Qxd7 31.Bxd7+ Kxd7 32.f5 Ng3 33.b4 Nxf5 34.Nxf5 gxf5 35.a3 f4
36.Rd4 Rh1+ 37.Kd2 f3 38.Rf4 Ke6 39.a4 f5 40.b5 Ke5  0-1

[Event "HUN-chT 9394"]
[Site "?"]
[Date "1994.??.??"]
[Round "?"]
[White "Szurovszky, Elek"]
[Black "Dao Thien Hai"]
[Result "0-1"]
[WhiteElo "2280"]
[BlackElo "2495"]

1.e4 c5 2.Nf3 d6 3.d4 cxd4 4.Nxd4 Nf6 5.Nc3 a6 6.g3 e5 7.Nb3 Nbd7 8.Bg2 b6
9.O-O Bb7 10.Be3 Be7 11.Qe2 Rc8 12.Rad1 O-O 13.Rd2 b5 14.a3 Rxc3 15.bxc3 Nxe4
16.Bxe4 Bxe4 17.c4 Qa8 18.f3 Bc6 19.Na5 bxc4 20.Nxc4 d5 21.Na5 Bb5 22.c4 dxc4
23.a4 Bxa4 24.Qxc4 Bb5 25.Qd5 Bb4 26.Qxa8 Rxa8 27.Ra1 Bxd2 28.Bxd2 Rc8 29.Nb7 Rc2
30.Bb4 Bc6 31.Nd6 Bxf3 32.Rxa6 h5 33.Ra7 Nf6 34.Ra3 e4 35.Rc3 Rg2+ 36.Kf1 Rxh2
37.Rc8+ Kh7 38.Nxf7 Rh1+ 39.Kf2 Ng4+  0-1

[Event "HUN-chT2 9394"]
[Site "?"]
[Date "1994.??.??"]
[Round "?"]
[White "Adzic, Slobodan"]
[Black "Banhazi, Istvan"]
[Result "1-0"]
[WhiteElo "2265"]
[BlackElo "2210"]

1.e4 c5 2.Nf3 d6 3.d4 cxd4 4.Nxd4 Nf6 5.Nc3 a6 6.g3 e5 7.Nb3 Be7 8.Bg2 Be6
9.O-O O-O 10.a4 Nbd7 11.a5 Rc8 12.h3 Qc7 13.Be3 Nc5 14.Bg5 h6 15.Bxf6 Bxf6
16.Nd5 Bxd5 17.Qxd5 Be7 18.Rfd1 Qc6 19.Qxc6 Rxc6 20.Nd2 Ne6 21.c3 Rc5 22.Bf1 Rfc8
23.Ra4 Bd8 24.Nc4 Rb8 25.Rxd6 Ng5 26.Nb6 Rc6 27.Rxc6 bxc6 28.Nc4 Bc7 29.Bd3 Rd8
30.Bc2 Nxh3+ 31.Kg2 Ng5 32.Rb4 Rb8 33.Rxb8+ Bxb8 34.b4 Ne6 35.Bd3 c5 36.Nb6 cxb4
37.cxb4 Bd6 38.b5 Nc5 39.bxa6 Bb8 40.Nc8 Nxd3 41.a7 Bxa7 42.Nxa7 Nc5 43.Nc6 f6
44.Nb4 Nd7 45.a6 Nb6 46.Nd5 Na8 47.Kf3 Kf7 48.Ke3 h5 49.Kd3 g5 50.a7 h4 51.gxh4 gxh4
52.Ke3 Ke6 53.f3 f5 54.Kf2 fxe4 55.fxe4 Kd6 56.Ne3 Kc6 57.Nc4 Kb7 58.Nxe5 Kxa7
59.Ng6 Kb7 60.Nxh4 Kc7 61.Kf3 Kd6 62.Kf4 Ke6 63.Nf5 Nb6 64.Nd4+ Ke7 65.Nc6+ Ke6
66.Nd4+  1-0

[Event "HUN-chT2 9394"]
[Site "?"]
[Date "1994.??.??"]
[Round "?"]
[White "Kubacsny, Laszlo"]
[Black "Papp, Zsolt"]
[Result "1-0"]
[WhiteElo "2325"]
[BlackElo "2130"]

1.e4 c5 2.Nf3 d6 3.d4 cxd4 4.Nxd4 Nf6 5.Nc3 a6 6.g3 g6 7.Bg2 Bg7 8.O-O O-O
9.h3 Nc6 10.Be3 Bd7 11.g4 Ne8 12.Qd2 Nc7 13.Rad1 Nxd4 14.Bxd4 Bxd4 15.Qxd4 Ne6
16.Qe3 f6 17.f4 g5 18.fxg5 Nxg5 19.e5 dxe5 20.Bxb7 Rb8 21.Bd5+ Kh8 22.h4 Nf7
23.Rd2 Qc8 24.g5 Rb4 25.gxf6 Rg8+ 26.Kf2 Bh3 27.Rh1 Be6 28.fxe7 Rbg4 29.Ke1 Bxd5
30.Nxd5 Rg3 31.Qf2 R3g6 32.Qxf7 Qc4 33.Rf1 Qxh4+ 34.Kd1 Rg1 35.Rf2 Qg4+ 36.Kc1 Rxf1+
37.Rxf1 Qd7 38.Qf6+ Rg7 39.Rg1  1-0

[Event "HUN-chT2 9394"]
[Site "?"]
[Date "1994.??.??"]
[Round "?"]
[White "Adzic, Slobodan"]
[Black "Restas, Peter"]
[Result "1-0"]
[WhiteElo "2265"]
[BlackElo "2250"]

1.e4 c5 2.Nf3 d6 3.d4 cxd4 4.Nxd4 Nf6 5.Nc3 a6 6.g3 e6 7.Bg2 Bd7 8.O-O Nc6
9.Be3 Rc8 10.a4 Na5 11.Kh1 Be7 12.f4 Nc4 13.Bc1 b5 14.axb5 axb5 15.Ndxb5 Qb6
16.Qd4 Bxb5 17.Qxb6 Nxb6 18.Nxb5 Rxc2 19.Ra6 Nc8 20.e5 dxe5 21.Rc6 Rxc6 22.Bxc6+ Kf8
23.fxe5 Ng4 24.Bd7 Nb6 25.Bxe6 Nxe5 26.Be3 Nbd7 27.Bxd7 Nxd7 28.Rc1 Bd8 29.Rc8 Ke7
30.Na7 Ne5 31.Bd4 Nd3 32.Rc3 Nxb2 33.Re3+ Kd7 34.Bxb2 f6 35.Rd3+ Ke6 36.Nb5 h5
37.Kg2 Be7 38.Nd4+ Kf7 39.Rb3 Rc8 40.Rb7 Kf8 41.Nf5 Rc2+ 42.Kh3 Bc5 43.Nxg7 Bg1
44.Ba3+ Kg8 45.Nxh5 Rxh2+ 46.Kg4 Bd4 47.Bd6 Ba1 48.Rg7+ Kh8 49.Rf7 Rf2 50.Nf4 Kg8
51.Rb7 Rd2 52.Bb4 Be5 53.Bxd2  1-0

[Event "JUG-chT2"]
[Site "?"]
[Date "1994.??.??"]
[Round "8"]
[White "Zlatanovic, Zoran"]
[Black "Narandzic, Vlado"]
[Result "0-1"]
[WhiteElo "2280"]
[BlackElo "2385"]

1.e4 c5 2.Nf3 d6 3.d4 cxd4 4.Nxd4 Nf6 5.Nc3 a6 6.g3 e6 7.Bg2 Be7 8.O-O O-O
9.b3 Bd7 10.a4 Nc6 11.Bb2 Rc8 12.Nce2 Qc7 13.c4 Nb4 14.Nc3 Rfd8 15.Rc1 Be8
16.Qe2 Nd7 17.Rfd1 Nc5 18.Ba3 Qb6 19.Rb1 Bf6 20.Qd2 Bxd4 21.Qxd4 Nc2 22.Bxc5 dxc5
23.Qe5 Rxd1+ 24.Nxd1 Nd4 25.Nc3 Qb4 26.Nd5 exd5 27.exd5 Bxa4 28.Re1 Qxb3
29.d6 Nf3+ 30.Bxf3 Qxf3  0-1

[Event "Heart of Finland op 4th"]
[Site "Jyvaskyla"]
[Date "1994.??.??"]
[Round "?"]
[White "Nevanlinna, Risto"]
[Black "Gurevich, Vladimir"]
[Result "0-1"]
[WhiteElo "2300"]
[BlackElo "2420"]

1.e4 c5 2.Nf3 d6 3.d4 cxd4 4.Nxd4 Nf6 5.Nc3 a6 6.g3 e5 7.Nde2 Nbd7 8.Bg2 b5
9.O-O Be7 10.h3 Bb7 11.g4 b4 12.Nd5 Nxd5 13.exd5 O-O 14.Bd2 a5 15.a3 Nb6
16.axb4 axb4 17.Bxb4 Rxa1 18.Qxa1 Bxd5 19.Qa7 Bxg2 20.Kxg2 Nd5 21.Qa5 Nxb4
22.Qxb4 Qa8+ 23.f3 Qa7 24.Qe4 Rb8 25.b3 Qc5 26.Ra1 d5 27.Qxe5 Bd6 28.Qf5 Qe3
29.Qd3 Qe5 30.Rh1 Re8 31.Kf1 Bc5 32.h4 h5 33.g5 g6 34.f4 Qa1+ 35.Kg2 Qa8
36.Nd4 Re4 37.c3 Rxf4 38.Re1 Bxd4 39.cxd4 Qc8 40.Re3 Rxh4 41.b4 Qc1 42.Rh3 Qb2+
43.Kf1 Rxd4  0-1

[Event "Kstovo op"]
[Site "Kstovo"]
[Date "1994.??.??"]
[Round "2"]
[White "Labutin, Sergey"]
[Black "Minasian, Ara"]
[Result "0-1"]
[WhiteElo "2325"]
[BlackElo "2380"]

1.e4 c5 2.Nf3 d6 3.d4 cxd4 4.Nxd4 Nf6 5.Nc3 a6 6.g3 e5 7.Nde2 Be7 8.Bg2 O-O
9.O-O Nbd7 10.Be3 b5 11.Nd5 Nxd5 12.Qxd5 Rb8 13.Qd2 Nf6 14.Rfd1 Bb7 15.Qd3 h6
16.c4 bxc4 17.Qxc4 Qc8 18.Qd3 Bc6 19.b3 Rb4 20.Nc3 Qa8 21.Rac1 a5 22.f3 a4
23.bxa4 Bxa4 24.Rb1 Rxb1 25.Rxb1 Bd7 26.Bf1 Be6 27.Rd1 Rd8 28.Bb6 Rc8 29.Qd2 Qc6
30.Rb1 Qxc3 31.Qxc3 Rxc3 32.a4 Rb3 33.Rxb3 Bxb3 34.a5 Nd7 35.Bc7 Ba4 36.a6 Bc6
37.a7 Nf6 38.Bb5 Bb7 39.Kf2 d5 40.exd5 Nxd5 41.Bb8 Bc5+ 42.Kg2 Nb6 43.Bxe5 Nc8
44.g4 Nxa7 45.Bc4 Nc6  0-1

[Event "CRO-chT"]
[Site "Makarska"]
[Date "1994.??.??"]
[Round "4"]
[White "Poljak, Srebrenka"]
[Black "Stanic, Jadranka"]
[Result "1-0"]
[WhiteElo "2030"]
[BlackElo "2135"]

1.e4 c5 2.Nf3 d6 3.d4 cxd4 4.Nxd4 Nf6 5.Nc3 a6 6.g3 e6 7.Bg2 Be7 8.O-O Qc7
9.a4 Nbd7 10.h3 Nb6 11.g4 Nc4 12.Nde2 h6 13.b3 Na5 14.f4 Bd7 15.Be3 Rd8 16.Qd2 Bc6
17.Qd4 Rd7 18.b4 e5 19.Qd3 d5 20.bxa5 d4 21.Qc4 dxe3 22.fxe5 Qxe5 23.Rf5 Qe6
24.Nd5 O-O 25.Nef4 Qd6 26.Nxe7+ Rxe7 27.Ng6 Bxe4 28.Rxf6 Qxf6 29.Nxe7+ Qxe7
30.Qxe4 Qc5 31.Re1 Qxa5 32.Rxe3 b6 33.Rb3 Qc5+ 34.Kh1 Rd8 35.Rd3 Rc8 36.c3 g6
37.Qd4 Qe7 38.Kh2 Qc7+ 39.Kh1 Re8 40.Re3 Rd8 41.Qe5 Qc4 42.Re4 Rd1+ 43.Kh2 Qa2
44.Qf6  1-0

[Event "Wch U20 Girls"]
[Site "Matinhos"]
[Date "1994.??.??"]
[Round "?"]
[White "Khan, Anna"]
[Black "Buervenich, Silvia"]
[Result "1-0"]
[WhiteElo "2140"]
[BlackElo "2160"]

1.e4 c5 2.Nf3 d6 3.d4 cxd4 4.Nxd4 Nf6 5.Nc3 a6 6.g3 e5 7.Nde2 Be6 8.Bg2 Qc7
9.h3 Nbd7 10.a4 Be7 11.g4 h6 12.O-O Rc8 13.Be3 O-O 14.a5 b5 15.axb6 Qb7 16.Ng3 Nxb6
17.Nf5 Nc4 18.Bc1 Rfe8 19.b3 Nb6 20.Bb2 Bf8 21.Qd3 a5 22.Rfd1 Bxf5 23.exf5 e4
24.Qd2 d5 25.Na4 Nbd7 26.Bd4 Bd6 27.Rac1 Ne5 28.Qxa5 Qe7 29.Nb6 Rc7 30.Nxd5 Nxd5
31.Qxd5 Nc6 32.Bb6 Bf4 33.Bxc7 Qxc7 34.Ra1 Nb4 35.Qd7 Qe5 36.Ra5 Qxa5 37.Qxe8+ Kh7
38.Qxe4 Be5 39.f4 Qa7+ 40.Kh1 Bf6 41.c4 Na2 42.Qd5 Qf2 43.Qxf7 Nc3 44.Qg6+ Kg8
45.Qe8+ Kh7 46.Re1  1-0

[Event "Wch U20 Girls"]
[Site "Matinhos"]
[Date "1994.??.??"]
[Round "?"]
[White "Khan, Anna"]
[Black "Peptan, Corina"]
[Result "0-1"]
[WhiteElo "2140"]
[BlackElo "2265"]

1.e4 c5 2.Nf3 d6 3.d4 cxd4 4.Nxd4 Nf6 5.Nc3 a6 6.g3 e5 7.Nde2 Nbd7 8.a4 b6
9.Bg2 Bb7 10.h3 Be7 11.g4 O-O 12.O-O Nc5 13.Ng3 g6 14.Be3 Rc8 15.Qd2 Re8
16.g5 Nfd7 17.Nd5 Bxd5 18.exd5 a5 19.Ne2 Bf8 20.Nc3 Bg7 21.Nb5 Qe7 22.Qd1 f5
23.gxf6 Nxf6 24.Re1 Rf8 25.Bf3 h5 26.Bg2 Qd7 27.Bxc5 Rxc5 28.Ra3 e4 29.Bxe4 Nxe4
30.Rxe4 Qf5 31.Qe2 Rxd5 32.c4 Rd1+ 33.Qxd1 Qxe4 34.Rg3 Be5 35.Rg2 Kh7 36.b3 Rf3
37.Na3 Rxb3 38.Rg4 Qf3  0-1

[Event "Moscow ol (Men)"]
[Site "Moscow"]
[Date "1994.??.??"]
[Round "5"]
[White "Stanojoski, Zvonko"]
[Black "Santana, Orlando"]
[Result "1-0"]
[WhiteElo "2400"]
[BlackElo "2255"]

1.e4 c5 2.Nf3 d6 3.d4 cxd4 4.Nxd4 Nf6 5.Nc3 a6 6.g3 g6 7.Bg2 Bg7 8.O-O O-O
9.h3 Bd7 10.a4 Nc6 11.Nde2 Rc8 12.g4 Be6 13.Nd5 a5 14.Be3 Nd7 15.Rb1 Bxd5
16.exd5 Nb4 17.c3 Na6 18.Bd4 Nb6 19.Bxg7 Kxg7 20.b3 Nc5 21.c4 Qd7 22.Nd4 Rfd8
23.Qd2 Ra8 24.f4 Qc8 25.Rfe1 Kf8 26.Qe3 Rd7 27.f5 Kg8 28.Re2 Qf8 29.fxg6 hxg6
30.Rf1 Re8 31.h4 Red8 32.Qd2 Nc8 33.h5 Re8 34.Rf3 Qg7 35.hxg6 Qxg6  1-0

[Event "Muenster op"]
[Site "Muenster"]
[Date "1994.??.??"]
[Round "5"]
[White "Vuckovic, Aleksandar"]
[Black "Bosboom, Manuel"]
[Result "0-1"]
[WhiteElo "2260"]
[BlackElo "2380"]

1.e4 c5 2.Nf3 d6 3.d4 cxd4 4.Nxd4 Nf6 5.Nc3 a6 6.g3 Bg4 7.Qd3 Nbd7 8.h3 Nc5
9.Qe3 Bd7 10.Bg2 Rc8 11.a4 g6 12.O-O Bg7 13.Nde2 O-O 14.Ra3 b5 15.axb5 axb5
16.Ra1 e6 17.Rd1 b4 18.Na2 Qb6 19.Bd2 b3 20.cxb3 Qxb3 21.Bc3 Qb8 22.Nb4 e5
23.Na6 Nxa6 24.Rxa6 Rc6 25.Ra5 h5 26.Nc1 Be6 27.Nd3 Rc4 28.Ne1 Rfc8 29.Nc2 Qb3
30.Rd2 Rxc3 31.bxc3 Rxc3 32.Qe2 Bh6 33.Na1 Qb6 34.Ra8+ Kg7 35.Rb2 Qd4 36.Kh2 h4
37.Nc2 Qc5 38.Ra1 hxg3+ 39.fxg3 Nh5 40.Ne1 Nxg3 41.Qb5 Qe3 42.Qb6 Qf4 43.Rf2 Nf1+
44.Kg1 Qh2+ 45.Kxf1 Bc4+ 46.Re2 Be3  0-1

[Event "Muenster-IM"]
[Site "Muenster"]
[Date "1994.??.??"]
[Round "11"]
[White "Kruszynski, Wlodzimierz"]
[Black "Dinstuhl, Volkmar"]
[Result "0-1"]
[WhiteElo "2390"]
[BlackElo "2365"]

1.e4 c5 2.Nf3 d6 3.d4 cxd4 4.Nxd4 Nf6 5.Nc3 a6 6.g3 e5 7.Nde2 Be7 8.Bg2 Nbd7
9.h3 b6 10.g4 O-O 11.Ng3 g6 12.Bh6 Ne8 13.Bxf8 Nxf8 14.O-O Ne6 15.Nd5 Bg5
16.Ne2 Bb7 17.Qd3 Rc8 18.c3 b5 19.b3 N8g7 20.f4 exf4 21.Nexf4 Nxf4 22.Nxf4 Qf6
23.Ne2 Qe7 24.Rad1 Rd8 25.c4 bxc4 26.Qxc4 Ne6 27.Nc3 Nf4 28.Rf2 Rc8 29.Qb4 a5
30.Qxa5 Nxg2 31.Rxg2 Be3+ 32.Kh1 Qh4 33.Kh2 Bf4+ 34.Kg1 Qxh3 35.Nd5 Bxd5
36.exd5 Be3+ 37.Kf1 Qf3+  0-1

[Event "New York op"]
[Site "New York"]
[Date "1994.??.??"]
[Round "1"]
[White "Ivanov, Alexander"]
[Black "Mirabile, Tim"]
[Result "1/2-1/2"]
[WhiteElo "2555"]
[BlackElo "2245"]

1.e4 c5 2.Nf3 d6 3.d4 cxd4 4.Nxd4 Nf6 5.Nc3 a6 6.g3 e6 7.Bg2 Be7 8.O-O O-O
9.Be3 Qc7 10.Qe2 Nc6 11.Nxc6 bxc6 12.Na4 d5 13.Bc5 Bxc5 14.Nxc5 a5 15.c4 Qb6
16.e5 Qxc5 17.exf6 gxf6 18.Qg4+ Kh8 19.Qh4 Qe7 20.Rfe1 Bb7 21.Re5 Rg8 22.Rh5 Rg7
23.Rh6 Re8 24.Qxf6 Qxf6 25.Rxf6 Re7 26.Rc1 Rg8 27.Rf3 d4 28.Ra3 Ra8 29.c5 e5
30.Be4 Kg7 31.g4 f6 32.f3 Rc7 33.Rc4 Bc8 34.Rca4 f5 35.gxf5 Kf6 36.Rxa5 Rxa5
37.Rxa5 Bxf5 38.Kf2 Bxe4 39.fxe4 Rb7 40.b3 Rb5 41.Rxb5 cxb5 42.Ke2 Ke6 43.Kd3 Kd7
44.b4 Kc6 45.Kc2 h5 46.h4 Kb7 47.Kb3 Kc6 48.a4 bxa4+ 49.Kxa4 Kb7 50.b5 Kb8
51.b6 Kb7 52.Kb4 Kc6 53.Kc4 Kb7 54.Kb5 d3 55.c6+ Kb8 56.Ka6 d2 57.c7+ Kc8
58.Ka7 d1=Q 59.b7+ Kxc7 60.b8=Q+ Kd7 61.Qxe5 Kc6 62.Qc3+ Kb5 63.e5 Qd7+ 64.Kb8 Qd8+
65.Kb7 Qb6+ 66.Kc8 Qc6+ 67.Qxc6+ Kxc6  1/2-1/2

[Event "Passau op"]
[Site "Passau"]
[Date "1994.??.??"]
[Round "?"]
[White "Babula, Milan"]
[Black "Ftacnik, Lubomir"]
[Result "0-1"]
[WhiteElo "2285"]
[BlackElo "2565"]

1.e4 c5 2.Nf3 d6 3.d4 cxd4 4.Nxd4 Nf6 5.Nc3 a6 6.g3 e6 7.Bg2 Be7 8.O-O O-O
9.h3 Qc7 10.f4 Nc6 11.Nde2 b5 12.a3 Bb7 13.g4 d5 14.e5 Ne4 15.Nxe4 dxe4 16.Be3 Na5
17.Bd4 Rad8 18.Qe1 Bc5 19.c3 Nc4 20.b4 Bb6 21.Qg3 Nd2 22.Rfd1 Nf3+ 23.Kh1 Nxd4
24.cxd4 Qc2 25.Qf2 Bxd4 26.Rxd4 Rxd4 27.Qxd4 Qxe2 28.Rc1 Bd5 29.f5 Qa2 30.Qe3 Qb2
31.Rc3 Bc4 32.f6 h6 33.fxg7 Kxg7 34.Bxe4 Rd8 35.Bc2 Qa1+ 36.Kh2 Qf1 37.Qe4 Rd2+  0-1

[Event "World op"]
[Site "Philadelphia"]
[Date "1994.??.??"]
[Round "?"]
[White "Pakkanen, Jukka"]
[Black "Wolff, Patrick G"]
[Result "1-0"]
[WhiteElo "2315"]
[BlackElo "2595"]

1.e4 c5 2.Nf3 d6 3.d4 cxd4 4.Nxd4 Nf6 5.Nc3 a6 6.g3 e5 7.Nde2 Nbd7 8.Bg2 b5
9.Nd5 Nxd5 10.Qxd5 Nb6 11.Qd3 Be6 12.O-O Qc7 13.b3 Be7 14.f4 O-O 15.f5 Bd7
16.g4 Rac8 17.c3 Rfd8 18.g5 Bf8 19.Qg3 g6 20.Ba3 Bc6 21.Qh4 b4 22.Bxb4 Bb5
23.Rae1 a5 24.Ba3 Bxe2 25.Rxe2 Qxc3 26.Ref2 Rc7 27.Rf3 Qd4+ 28.Kh1 Be7 29.fxg6 fxg6
30.Qh6  1-0

[Event "World op"]
[Site "Philadelphia"]
[Date "1994.??.??"]
[Round "?"]
[White "Pakkanen, Jukka"]
[Black "Pelts, Peter"]
[Result "1/2-1/2"]
[WhiteElo "2315"]
[BlackElo "2285"]

1.e4 c5 2.Nf3 d6 3.d4 cxd4 4.Nxd4 Nf6 5.Nc3 a6 6.g3 e5 7.Nde2 Be7 8.Bg2 O-O
9.O-O b5 10.a4 Bb7 11.axb5 axb5 12.Rxa8 Bxa8 13.Qd3 b4 14.Nd5 Nxd5 15.exd5 Nd7
16.Be3 Qa5 17.f4 Bd8 18.fxe5 Nxe5 19.Qd4 Nd7 20.Qa7 Qxa7 21.Bxa7 Bf6 22.Bd4 Re8
23.Ra1 Bxd5 24.Bxd5 Rxe2 25.Ra8+ Nf8 26.Bxf6 gxf6 27.Bb3 Kg7 28.Ra7 Ne6 29.Kf1 Re4
30.Bxe6 Rxe6 31.Ra4 Re4 32.c3 f5 33.Rxb4 Kf6 34.Rxe4 fxe4 35.g4 Ke5 36.Ke2 f5
37.gxf5 Kxf5 38.c4 Ke5 39.Ke3 h5 40.h4 d5 41.cxd5 Kxd5 42.b3 Ke5 43.Ke2 Kd5
44.Ke3 Ke5 45.b4 Kd5 46.b5 Kc5 47.Kxe4 Kxb5 48.Kf5 Kc6  1/2-1/2

[Event "Pula PCA op"]
[Site "Pula"]
[Date "1994.??.??"]
[Round "?"]
[White "Kuzmin, Gennadi P"]
[Black "Kos, Toni"]
[Result "1-0"]
[WhiteElo "2505"]
[BlackElo "2160"]

1.e4 c5 2.Nf3 d6 3.d4 cxd4 4.Nxd4 Nf6 5.Nc3 a6 6.g3 e5 7.Nb3 Be7 8.Bg2 O-O
9.O-O Be6 10.Be3 b5 11.a4 b4 12.Nd5 Bxd5 13.exd5 Nbd7 14.a5 Ne8 15.Ra4 Rb8
16.Qd2 Qc7 17.Rxb4 Rxb4 18.Qxb4 Qxc2 19.Na1 Qc8 20.Rc1 Qa8 21.Rc6 Nef6 22.Qc4 Qb7
23.b4 Ra8 24.Bh3 Ne8 25.Nb3 Ndf6 26.Bc8  1-0

[Event "ROM-ch (Women)"]
[Site "ROM"]
[Date "1994.??.??"]
[Round "?"]
[White "Cosma, Elena Luminita"]
[Black "Erhan, Raluca"]
[Result "1-0"]
[WhiteElo "2320"]
[BlackElo "2035"]

1.e4 c5 2.Nf3 d6 3.d4 cxd4 4.Nxd4 Nf6 5.Nc3 a6 6.g3 e6 7.Bg2 Be7 8.O-O O-O
9.a4 Qc7 10.Nb3 Nbd7 11.g4 Rd8 12.g5 Ne8 13.f4 Rb8 14.Be3 b5 15.axb5 axb5
16.Ra7 Rb7 17.Nxb5 Qb8 18.Rxb7 Bxb7 19.Nc3 Nc5 20.Nxc5 dxc5 21.Qc1 Qa8 22.Qa1 Qc8
23.Qa5 c4 24.Ra1 Rd6 25.Qa7 Rd7 26.Rd1 Bb4 27.Qa4 Rxd1+ 28.Nxd1 Be7 29.e5 Bxg2
30.Kxg2 f6 31.Nf2 fxe5 32.fxe5 g6 33.Qa7 Nc7 34.Ne4 Nd5 35.Nf6+ Bxf6 36.gxf6 Nxe3+
37.Qxe3 Qb7+ 38.Kf1 Qxb2 39.Qd2 Qa1+ 40.Kg2 Qa8+ 41.Kg3 Qe8 42.Qd6 h6 43.Qc7 Qf8
44.Qxc4 Kf7 45.Qc7+ Kg8 46.Kf2 g5 47.c4 h5 48.c5 g4 49.Qg7+  1-0

[Event "SWZ-chT"]
[Site "SWZ"]
[Date "1994.??.??"]
[Round "5"]
[White "Huebner, Robert"]
[Black "Landenbergue, Claude"]
[Result "1-0"]
[WhiteElo "2605"]
[BlackElo "2390"]

1.e4 c5 2.Nf3 d6 3.d4 cxd4 4.Nxd4 Nf6 5.Nc3 a6 6.g3 e5 7.Nde2 b5 8.Bg2 Bb7
9.a3 Nbd7 10.h3 Be7 11.g4 Rc8 12.Ng3 g6 13.g5 Ng8 14.h4 h6 15.gxh6 Bxh4 16.Qxd6 Qe7
17.Qxe7+ Bxe7 18.Be3 Bc5 19.Nf1 Nb6 20.O-O-O Nc4 21.Nd5 Bxd5 22.Rxd5 Bf8
23.Bg5 Be7 24.Bxe7 Nxe7 25.Rd3 Ng8 26.b3 Nxa3 27.Ne3 b4 28.Rd5 Rxh6 29.Rxe5+ Kf8
30.Rxh6 Nxh6 31.Bf1 Rc6 32.Ra5 Rf6 33.Bxa6 Rxf2 34.Bd3 Rh2 35.Kb2 Rh1 36.Nd5 Rb1+
37.Ka2 Re1 38.Kb2 Rb1+ 39.Ka2 Re1 40.Nxb4 Nb1 41.c4 Nc3+ 42.Kb2 Nxe4 43.Nc2  1-0

[Event "SWZ-chT"]
[Site "SWZ"]
[Date "1994.??.??"]
[Round "6"]
[White "Milosevic, Goran"]
[Black "Montoro, A."]
[Result "1/2-1/2"]
[WhiteElo "2395"]
[BlackElo "2110"]

1.e4 c5 2.Nf3 d6 3.d4 cxd4 4.Nxd4 Nf6 5.Nc3 a6 6.g3 e6 7.Bg2 Qc7 8.O-O Be7
9.a4 Nc6 10.Nb3 b6 11.f4 Bb7 12.Qe2 O-O 13.Be3 Na5 14.Rad1 Nc4 15.Bc1 Rfd8
16.g4 d5 17.exd5 Nxd5 18.Nxd5 exd5 19.Nd4 Bc5 20.Kh1 Re8 21.Qd3 Nd6 22.c3 Qd7
23.f5 Qxa4 24.b4 Bxd4 25.Qxd4 Ne4 26.f6 Qc6 27.fxg7 Qg6 28.Be3 Re6 29.Rf4 f6
30.Bxe4 dxe4 31.Qd7 Bc8 32.Qd8+ Re8 33.Qxb6 Bxg4 34.Rg1 f5 35.h3 Qxb6 36.Bxb6 Bxh3
37.Bd4 Rac8 38.Ra1 Rc6 39.Kh2 Bg4 40.Kg3 Rh6 41.Rf2 Rh3+  1/2-1/2

[Event "Tiraspol"]
[Site "Tiraspol"]
[Date "1994.??.??"]
[Round "8"]
[White "Vasiukov, Evgeni"]
[Black "Savon, Vladimir A"]
[Result "1/2-1/2"]
[WhiteElo "2505"]
[BlackElo "2435"]

1.e4 c5 2.Nf3 d6 3.Nc3 a6 4.d4 cxd4 5.Nxd4 Nf6 6.g3 Nc6 7.Nxc6 bxc6 8.Bg2 Qc7
9.O-O g6 10.Bf4 Nd7 11.Qd2 Bg7 12.Bh6 O-O 13.Rad1 a5 14.b3 Nc5 15.Bxg7 Kxg7
16.Qe3 Ba6 17.Rfe1 e5 18.f4 f6 19.Rd2 Rad8 20.h3 Qe7 21.Kh2 Rfe8 22.Red1 Qc7
23.Qf2 Qe7 24.a3 Qc7 25.Kh1 Ne6 26.h4 Nd4 27.Re1 Bc8 28.Nd1 c5 29.Ne3 exf4
30.Nd5 Qf7 31.Nxf4 Bb7 32.b4 axb4 33.axb4 Rc8 34.Kh2 Nb5 35.bxc5 Rxc5 36.Nd3 Rc7
37.Qb6 Nc3 38.Qxd6 Nxe4 39.Bxe4 Rxe4 40.Rxe4 Bxe4 41.Nc5  1/2-1/2

[Event "JUG-ch"]
[Site "Tivat"]
[Date "1994.??.??"]
[Round "13"]
[White "Matulovic, Milan"]
[Black "Ilincic, Zlatko"]
[Result "0-1"]
[WhiteElo "2460"]
[BlackElo "2530"]

1.e4 c5 2.Nf3 d6 3.d4 cxd4 4.Nxd4 Nf6 5.Nc3 a6 6.g3 e6 7.Bg2 Be7 8.O-O O-O
9.Be3 Nbd7 10.f4 Nb6 11.Qe2 Qc7 12.Rad1 Nc4 13.Bc1 e5 14.Nb3 a5 15.a4 Bd7
16.Rd3 Nb6 17.Nb5 Qc4 18.Qd1 Bxb5 19.axb5 Qxb5 20.f5 a4 21.Nd2 Rfc8 22.Nb1 Qc5+
23.Be3 Qb4 24.g4 Nc4 25.Bc1 Nxb2 26.Bxb2 Qxb2 27.g5 Rxc2 28.Rd2 Rxd2 29.Nxd2 Ne8
30.f6 gxf6 31.Nc4 Qc3 32.Qd5 Nc7 33.Qxb7 Qxc4 34.gxf6 Bf8 35.Rf3 a3 36.Bf1 Qd4+
37.Kg2 a2 38.Rg3+ Kh8 39.Qxc7 a1=Q 40.Qxf7 Qa2+ 41.Qxa2 Rxa2+ 42.Kh3 Qxe4
43.Bd3 Qf4 44.f7 Qxf7  0-1

[Event "Vienna op"]
[Site "Vienna"]
[Date "1994.??.??"]
[Round "2"]
[White "Schumi, Manfred"]
[Black "Van Wely, Loek"]
[Result "1/2-1/2"]
[WhiteElo "2230"]
[BlackElo "2560"]

1.e4 c5 2.Nf3 d6 3.d4 cxd4 4.Nxd4 Nf6 5.Nc3 a6 6.g3 e5 7.Nb3 b5 8.Bg5 Be7
9.Bxf6 Bxf6 10.a4 b4 11.Nd5 Nc6 12.Qd2 Bg5 13.f4 exf4 14.Nxf4 O-O 15.O-O-O Qe8
16.Kb1 Be6 17.Be2 Bxb3 18.cxb3 Qxe4+ 19.Bd3 Qe8 20.Rhe1 Ne5 21.Qxb4 Qe7 22.Nd5 Qd8
23.a5 Nc6 24.Qe4 f5 25.Qe6+ Kh8 26.Nb6 Ra7 27.Qd5 Ne7 28.Qe6 d5 29.Bc4 d4
30.b4 h6 31.Re2 Rf6 32.Qe5 Rd6 33.h4 Bf6 34.Qf4 Nc6 35.Qxf5 Nxb4 36.Qc5 Nc6
37.Nc8 Qxc8 38.Qxd6 Nxa5 39.Be6 Nc4 40.Qd5 Nb6 41.Bxc8 Nxd5 42.Re8+ Kh7 43.Bf5+ g6
44.Be4 Ne3 45.Rc1 d3 46.Bxd3 Rb7 47.b4 Rxb4+ 48.Ka2 Nd5 49.Rc5 Nc3+ 50.Ka3 Rb7
51.h5 Kg7 52.Re6 Nb5+ 53.Ka4 gxh5 54.Rxa6 Nc3+ 55.Rxc3  1/2-1/2

[Event "Vienna op"]
[Site "Vienna"]
[Date "1994.??.??"]
[Round "3"]
[White "Popovic, Petar"]
[Black "Schumi, Manfred"]
[Result "1-0"]
[WhiteElo "2520"]
[BlackElo "2230"]

1.e4 c5 2.Nf3 d6 3.d4 cxd4 4.Nxd4 Nf6 5.Nc3 a6 6.g3 e5 7.Nb3 Be7 8.Bg2 Nbd7
9.a4 b6 10.O-O Bb7 11.Re1 Rc8 12.Nd2 Rc5 13.Nf1 Qa8 14.Qd3 O-O 15.Ne3 g6
16.Nc4 d5 17.exd5 Nxd5 18.Ne4 Rc7 19.Bh6 Nb4 20.Qb3 Bd5 21.Bxf8 Bxf8 22.Nxb6 Bxb3
23.Nxa8 Rxc2 24.a5 f5 25.Nb6 Nd3 26.Nxd7 fxe4 27.Re3 Bh6 28.Rxe4 Nxf2 29.Rxe5 Ng4
30.Re8+ Kf7 31.Rae1 Bg5 32.h4 Be3+ 33.R8xe3 Nxe3 34.Rxe3  1-0

[Event "Villa Ballester-chT"]
[Site "Villa Ballester"]
[Date "1994.??.??"]
[Round "?"]
[White "Rebottaro, Hector Javier"]
[Black "Quiroga, Facundo"]
[Result "0-1"]
[WhiteElo "2310"]
[BlackElo "2325"]

1.e4 c5 2.Nf3 d6 3.d4 cxd4 4.Nxd4 Nf6 5.Nc3 a6 6.g3 e6 7.Bg2 Qc7 8.O-O Nc6
9.a4 Be7 10.Nb3 O-O 11.f4 Bd7 12.Be3 Nb4 13.g4 Nxg4 14.Qxg4 Nxc2 15.Qe2 Nxa1
16.Rxa1 Rac8 17.Rc1 Qc4 18.Qxc4 Rxc4 19.Nd2 Rc6 20.Ra1 Rfc8 21.Kf2 Bd8 22.e5 d5
23.Ra3 Ba5 24.Bd4 Bb4 25.Ra2 Bc5 26.Ke3 Bxd4+ 27.Kxd4 Rb6 28.Ke3 Rb4 29.Nf3 Rcc4
30.Ne2 Rc2 31.Nfd4 Rxd4 32.Nxd4 Rxg2 33.h4 Kf8 34.Ra1 Rxb2 35.h5 h6 36.a5 Rb4
37.Rc1 Rc4 38.Rb1 Bc8 39.Rb6 Ke7 40.Rb2 Rc3+  0-1

[Event "Zuerich op2"]
[Site "Zuerich"]
[Date "1994.??.??"]
[Round "1"]
[White "Molnar, Bela"]
[Black "Fischer, M."]
[Result "1-0"]
[WhiteElo "2330"]
[BlackElo "2290"]

1.e4 c5 2.Nc3 d6 3.Nf3 Nf6 4.d4 cxd4 5.Nxd4 a6 6.g3 e5 7.Nde2 Be6 8.Bg2 Be7
9.O-O O-O 10.h3 Nbd7 11.a4 b6 12.g4 Rb8 13.b3 Qc7 14.Nd5 Bxd5 15.exd5 b5
16.axb5 axb5 17.Be3 Rfc8 18.c3 Ra8 19.f4 exf4 20.Rxf4 Rxa1 21.Qxa1 Nb6 22.Qd1 Nfd7
23.Rb4 Bf6 24.Rxb5 Bxc3 25.Nxc3 Qxc3 26.Bd4 Qc7 27.Qe1 Kf8 28.Kh2 Nc5 29.Qc3 f6
30.b4 Ncd7 31.Qxc7 Rxc7 32.Rxb6 Nxb6 33.Bxb6 Rb7 34.Ba5 Rb5 35.Kg3 Ke7 36.Kf4 g6
37.Ke4 Rb7 38.Bf1 Ra7 39.Bb5 Ra8 40.Bc6 Ra6 41.Bc7 Ra7 42.Ba5 Ra6 43.Kf4 Ra7
44.Ke3 Ra6 45.Bb7 Ra7 46.Bc8 Ra8 47.Be6 Ra7 48.Kd4 Ra8 49.Kc4 Rf8 50.b5 f5
51.gxf5 gxf5 52.b6 f4 53.Be1 Rb8 54.Bh4+ Kf8 55.Kb5  1-0

[Event "Ano Liosia op"]
[Site "Ano Liosia"]
[Date "1995.??.??"]
[Round "4"]
[White "Marinkovic, Ivan"]
[Black "Maris, Ioannis"]
[Result "1-0"]
[WhiteElo "2450"]
[BlackElo "2240"]

1.e4 c5 2.Nf3 d6 3.d4 cxd4 4.Nxd4 Nf6 5.Nc3 a6 6.g3 e5 7.Nb3 Be7 8.Bg2 Be6
9.a4 O-O 10.O-O Bc4 11.Re1 Nbd7 12.a5 Qc7 13.Be3 Rac8 14.h3 b5 15.axb6 Nxb6
16.Na5 Be6 17.Nd5 Nfxd5 18.exd5 Bd7 19.b3 Na4 20.Nc6 Bxc6 21.dxc6 Nc5 22.b4 Ne6
23.Rxa6 Kh8 24.b5  1-0

[Event "AUT-chT2O 9495"]
[Site "?"]
[Date "1995.??.??"]
[Round "?"]
[White "Janetschek, Karl"]
[Black "Schuh, Franz"]
[Result "1/2-1/2"]
[WhiteElo "2295"]
[BlackElo "2310"]

1.e4 c5 2.Nf3 d6 3.d4 cxd4 4.Nxd4 Nf6 5.Nc3 a6 6.g3 g6 7.Bg2 Bg7 8.O-O O-O
9.Kh1 Qc7 10.f4 Nc6 11.Nb3 Bd7 12.Be3 b5 13.Qe1 Rab8 14.Rd1 Nb4 15.Rd2 a5
16.a3 Nc6 17.Nd5 Nxd5 18.exd5 Bxb2 19.dxc6 Bxc6 20.Bd4 Bxa3 21.g4 a4 22.Qa1 Bb4
23.c3 Bxg2+ 24.Rxg2 Bxc3 25.Bxc3 axb3 26.Bb2 Rfc8 27.Qe1 Qb7 28.Qe3 Rc2 29.Qf3 Rxg2
30.Kxg2 f6 31.Kg3 Qxf3+ 32.Rxf3 Rc8 33.Rxb3 Rc5 34.Bd4 Rd5 35.Be3 h5 36.h3 Kf7
37.Kf3 hxg4+ 38.hxg4 f5 39.g5 e5 40.Rb1 Ke6 41.Ke2 Kd7 42.Bd2 Kc6 43.Rh1 Rd4
44.fxe5 dxe5 45.Rh6 Rd6 46.Bb4 Re6 47.Rh8 Kd5 48.Rb8 Kc4 49.Bf8 Ra6 50.Ke3 Rc6
51.Re8 Kd5  1/2-1/2